| 000 | 05151cgm a2200865Ka 4500 | ||
|---|---|---|---|
| 999 |
_c245018 _d245018 |
||
| 001 | ocn232161693 | ||
| 003 | OCoLC | ||
| 005 | 20190605145838.0 | ||
| 007 | vd cvaizq | ||
| 008 | 080617s2008 cau099 g vleng d | ||
| 024 | 1 | 0 | _a025195041997 |
| 028 | 4 | 2 |
_a61105038 _bUniversal Studios Home Entertainment |
| 035 | _a(OCoLC)232161693 | ||
| 037 |
_bMidwest Tape _nhttp://www.midwesttapes.com |
||
| 040 |
_aTEFMT _cTEFMT _dBTCTA _dTEF _dGK8 _dUINTA _erda |
||
| 041 | 1 |
_aeng _afre _aspa _heng _geng |
|
| 043 |
_an-us--- _an-us-pa |
||
| 049 | _aUCLB | ||
| 050 | 1 | 4 |
_aPN1995.9.C55 _bB339 2008 |
| 082 | 0 | 4 |
_a791.43/72 _222 |
| 092 | _a791.437 | ||
| 245 | 0 | 0 |
_aBaby mama / blu ray / _cBroadway Video in association with Relativity Media ; produced by John Goldwyn, Lorne Michaels ; written by Michael McCullers ; directed by Michael McCullers. |
| 260 |
_aUniversal City, CA : _bUniversal Studios Home Entertainment, _cc2008. |
||
| 264 |
_aUniversal City, CA : _bUniversal Studios Home Entertainment, _cc2008. |
||
| 300 |
_a1 videodisc (99 min.) : _bsd., col. ; _c4 3/4 in. |
||
| 336 | _ablu ray | ||
| 337 | _ablu ray | ||
| 338 | _ablu ray | ||
| 500 | _aTitle from container. | ||
| 500 | _aSpecial features: Side A: Widescreen version: Alternate ending; deleted scenes; Saturday Night Live: Legacy of laughter; feature commentary with writer/director Michael McCullers, producer Lorne Michaels and cast members Tina Fey & Amy Poehler ; Side B: Full screen version: "From conception to delivery: the making of Baby mama" featurette; feature commentary with writer/director Michael McCullers, producer Lorne Michaels and cast members Tina Fey & Amy Poehler. | ||
| 508 | _aDirector of photography, Daryn Okada ; editor, Bruce Green ; music, Jeff Richmond ; costume designer, Renee Ehrlich Kalfus. | ||
| 511 | 1 | _aAmy Poehler, Tina Fey, Greg Kinnear, Dax Shepard, Romany Malco, Sigourney Weaver, Steve Martin, Maura Tierney, Stephen Mailer, Holland Taylor. | |
| 520 | _aKate is a successful and single businesswoman who has long put her career ahead of a personal life. At 37, she's finally determined to have a child on her own. Unable to get pregnant, a driven Kate allows South Philly working girl Angie Ostrowiski to become her unlikely surrogate. After learning that Angie is pregnant, Kate goes into precision nesting mode. She reads childcare books, baby-proofs the apartment and researches top pre-schools. But, Kate's well-organized strategy is turned upside down when her Baby Mama shows up at her doorstep with no place to live. Structured Kate tries to turn vibrant Angie into the perfect expectant mom. In a battle of wills, they prepare for the baby's arrival. They soon discover that there are two kinds of family: the one you're born to and the one you make. | ||
| 521 | 8 | _aMPAA rating: PG-13; for crude and sexual humor, language and a drug reference. | |
| 538 | _aDVD, region 1, anamorphic widescreen (1.85:1) and full screen (1.33:1) presentations; Dolby Digital 5.1 surround. | ||
| 546 | _aEnglish, dubbed French or dubbed Spanish dialogue, French or Spanish subtitles; English subtitles for the dead and hard of hearing. | ||
| 650 | 0 |
_aBusinesswomen _zUnited States _vDrama. _95778835 |
|
| 650 | 0 |
_aSurrogate mothers _zPennsylvania _zPhiladelphia _vDrama. _95778836 |
|
| 650 | 0 |
_aPregnancy _zPennsylvania _zPhiladelphia _vDrama. _95778837 |
|
| 650 | 0 |
_aFamily _zUnited States _vDrama. _95718615 |
|
| 650 | 7 |
_aMujeres _zEstados Unidos _vTeatro. _2bidex _95778838 |
|
| 650 | 7 |
_aMadres _zEstados Unidos _vTeatro. _2bidex _95778839 |
|
| 650 | 8 |
_aBusinesswomen _zUnited States _vDrama. _95778835 |
|
| 650 | 8 |
_aSurrogate mothers _zPennsylvania _zPhiladelphia _vDrama. _95778836 |
|
| 650 | 8 |
_aPregnancy _zPennsylvania _zPhiladelphia _vDrama. _95778837 |
|
| 650 | 8 |
_aFamily _zUnited States _vDrama. _95718615 |
|
| 651 | 0 |
_aPhiladelphia (Pa.) _vDrama. _95778840 |
|
| 651 | 8 |
_aPhiladelphia (Pa.) _vDrama. _95778840 |
|
| 655 | 0 |
_aComedy films. _9102658 |
|
| 655 | 0 |
_aVideo recordings for the hearing impaired. _95778841 |
|
| 655 | 0 |
_aFiction films. _95674705 |
|
| 655 | 0 |
_aFeature films. _9102699 |
|
| 655 | 7 |
_aComedy _vFeature. _2migfg _95696136 |
|
| 655 | 7 |
_aWomen _vFeature. _2migfg _95755059 |
|
| 655 | 7 |
_aFamily _vFeature. _2migfg _95706541 |
|
| 655 | 7 |
_aComedy films. _2gsafd _9102658 |
|
| 655 | 7 |
_aFeature films. _2gsafd _9102699 |
|
| 700 | 1 |
_aGoldwyn, John, _d1958- _956539 |
|
| 700 | 1 |
_aMichaels, Lorne, _d1944- _964542 |
|
| 700 | 1 |
_aMcCullers, Michael. _945915 |
|
| 700 | 1 |
_aPoehler, Amy, _d1971- _971219 |
|
| 700 | 1 |
_aFey, Tina, _d1970- _971217 |
|
| 700 | 1 |
_aKinnear, Greg, _d1963- _963926 |
|
| 700 | 1 |
_aShepard, Dax, _d1975- _956488 |
|
| 700 | 1 |
_aMalco, Romany. _972580 |
|
| 700 | 1 |
_aWeaver, Sigourney, _d1949- _930550 |
|
| 700 | 1 |
_aMartin, Steve, _d1945- _94788 |
|
| 700 | 1 |
_aTierney, Maura, _d1965- _958966 |
|
| 700 | 1 |
_aMailer, Stephen, _d1966- _95778842 |
|
| 700 | 1 |
_aTaylor, Holland. _958446 |
|
| 710 | 2 |
_aBroadway Video, Inc. _919686 |
|
| 710 | 2 |
_aRelativity Media. _973590 |
|
| 710 | 2 |
_aUniversal Studios Home Entertainment (Firm) _972642 |
|
| 942 |
_cDVD _2ddc |
||